000 00547nam a22001817a 4500
005 20241002072518.0
008 241002b |||||||| |||| 00| 0 eng d
020 _a9781485139300
041 _aEnglish
082 _a348 SOU
100 _lEnglish
245 _aConstitutional Law of the Republic of Namibia /
_cS Akweenda
250 _aFirst Edition
260 _aCape Town:
_bJuta and Company (Pty) Ltd,
_c2023
300 _bxlix, 710 pages;
_c26 cm.
650 _aLegal practice
_bLaw
942 _cBK
_6ALISON_BN_VRIES
999 _c3190
_d3190